• 首页
  • 本馆介绍
  • 公告通知
  • 最新文献
  • 馆藏检索
  • 电子资源
  • 读者荐购
  • 参考咨询
  • CALIS
  • 我的图书馆
  • 登录
  • 详细信息显示
  • 放入我的书架
  • 预约/预借图书
  • 作者相关作品
  • 分类相关作品
  • 丛书相关作品
  • 出版社相关作品

书目信息

  • 表格格式
  • 工作单格式
  • 卡片格式
题名:
在河之州
    
 
作者: 阚则思
分册:  
出版信息: 开封   河南大学出版社  2014.05
页数: 316页
开本: 20cm
丛书名:
单 册:
中图分类: I267.1
科图分类:
主题词: 散文--中国 , 散文--作品综合集--中国
电子资源:
ISBN: 7-5649-1488-2
 
 
 
 
 
000 00568nam0 2200205 450
001 1453457705
005 20141231150851.13
010    @a7-5649-1488-2@dCNY42.00
100    @a20141231d2014 km y0chiy0120 ea
101 0  @achi
102    @aCN
200 1  @a在河之州@Azai he zhi zhou@f阚则思@Fkan ze si
210    @a开封@c河南大学出版社@d2014.05
215    @a316页@d20cm
606 0  @a散文@x中国
606 0  @a散文@x作品综合集@x中国
690    @aI267.1@v4
701  0 @a阚则思@Akan ze si
801  0 @aCN@b大连网信软件有限公司图书馆·11@c20141231
905    @aZUCC@dI267.1@eK224
    
    在河之州/阚则思.-开封:河南大学出版社,2014.05
    316页;20cm
    
    
    ISBN 7-5649-1488-2:CNY42.00
    
●
相关链接 在E读中查询图书 在当当中查询图书 在豆瓣中查询图书


正题名:在河之州     索取号:I267.1/K224         预约/预借

序号 登录号 条形码 馆藏地/架位号 状态 备注
1 495221   204952211   文学库116/116文学库 10排1列2层/ [索取号:I267.1/K224] 在馆    
河南城建学院图书馆 欢迎您!
大连网信软件有限公司© 版权所有